| 000 | 00366nam a2200145Ia 4500 | ||
|---|---|---|---|
| 008 | 150201s2001 xx 000 0 und d | ||
| 082 |
_a611 _bH2001B |
||
| 100 | _aCHAURASIA,B.D. | ||
| 245 | _aHUMAN ANATOMY :REGIONAL & APPLIED | ||
| 250 | _a3RD | ||
| 260 |
_bC.B.S PUBLISHERS & DISTRIBUTERS _aDELHI _c2001 |
||
| 300 | _a1-252 | ||
| 650 | _aANATOMY | ||
| 942 |
_2ddc _cBK |
||
| 999 |
_c3079 _d3079 |
||